| 000 | 00816pam a2200217 a 4500 | ||
|---|---|---|---|
| 020 | _a0070632375 | ||
| 082 | 0 | 0 |
_a628.445 _bTCH _cl-23, p-72 |
| 100 | 1 |
_aTchobanoglous, George. _94906 |
|
| 245 | 1 | 0 |
_aIntegrated solid waste management : _bengineering principles and management issues / _cGeorge Tchobanoglous, Hilary Theisen, Samuel Vigil. |
| 260 |
_aNew York : _bMcGraw-Hill, _cc1993. |
||
| 300 |
_axxi, 978 p. : _bill. ; _c25 cm. |
||
| 526 |
_a0 _b0 _c0 _d628_445000000000000_TCH |
||
| 650 | 0 | _aHazardous wastes. | |
| 650 | 0 |
_aMCE _9379 |
|
| 650 | 0 |
_aRefuse and refuse disposal. _94787 |
|
| 700 | 1 |
_aTheisen, Hilary. _921042 |
|
| 700 | 1 |
_aVigil, S. A. _921043 |
|
| 856 | 4 | 1 | _uhttp://www.loc.gov/catdir/toc/mh021/92035582.html |
| 856 | 4 | 2 | _uhttp://www.loc.gov/catdir/description/mh022/92035582.html |
| 942 |
_2ddc _cBK |
||
| 999 |
_c547985 _d547985 |
||